Eco y Narciso (Comedia)
Uloženo v:
| Hlavní autor: | |
|---|---|
| Médium: | Kniha |
| Jazyk: | Undetermined |
| Vydáno: |
París, Francia
Centre de recherches de l´institut d´études hispaniques
[s.f.]
|
| Témata: | |
| Tagy: |
Přidat tag
Žádné tagy, Buďte první, kdo vytvoří štítek k tomuto záznamu!
|
MARC
| LEADER | 00000nam a2200000Ia 4500 | ||
|---|---|---|---|
| 008 | 170316s9999 xx 000 0 und d | ||
| 040 | |a cru BVZT | ||
| 090 | |a 862 C-3e | ||
| 100 | |a Calderón de la Barca, Pedro | ||
| 245 | |a Eco y Narciso (Comedia) | ||
| 260 | |a París, Francia | ||
| 260 | |b Centre de recherches de l´institut d´études hispaniques | ||
| 260 | |c [s.f.] | ||
| 300 | |a 78 páginas | ||
| 650 | |a LITERATURA ESPAÑOLA | ||
| 650 | |a TEATRO | ||
| 650 | |a COMEDIA | ||
| 999 | |c 9740 |d 9740 | ||
| 942 | |c 15 D |h 862 C-3e |2 z | ||
